| 000 | 01901cam a22003374i 4500 | ||
|---|---|---|---|
| 003 | PE-LiUPU | ||
| 005 | 20250731175630.0 | ||
| 008 | 150623s r 000 0 d | ||
| 035 | _a(Sirsi) a28870 | ||
| 040 |
_aPE-LiUPU _bspa _cPE-LiUPU _erda |
||
| 082 | 0 | 4 |
_a418.007 _bM26 _221 |
| 100 | 1 |
_aMartinet, Jeanne, _eautor. |
|
| 245 | 1 | 0 | _aDe la teoria linguistica a la ensenanza de lengua. |
| 264 | 1 |
_aMadrid : _bGredos, _c1975. |
|
| 300 |
_a272 páginas ; _c25 cm. |
||
| 336 |
_atext _2rdacontent |
||
| 337 |
_aunmediated _2rdamedia |
||
| 338 |
_avolume _2rdacarrier |
||
| 505 | 0 | _aLos caracteres generales del lenguaje, consecuencias pedagógicas. - La comunicación es oral, por lo tanto es lineal y se hace mediante sígnos arbitrarios. - Sintáxis y linelidad. - La linealidad. - Lugar de la linealidad en el análisis sintáctico. - El enunciado mínimo en la enseñanza del francés. -Los enunciados nomiales. - Verbo solo. - sujeto + verbo. - El habla y lo escrito. - Lengua hablada y código escrito. - Ensayo de análisis funcional de las señales de circulación. - Sobre un mal uso de la lógica. - La noción de norma en linguística. - Diversidad fonológica y comunidad linguística. - El problema de los criterios de análisis en la descripción linguística funcional. - Definición de una gramática para la enseñanza de una lengua extrangera. | |
| 526 | _aP145 | ||
| 526 | _aP127 | ||
| 526 | _aP97 | ||
| 526 | _aP35 | ||
| 526 | _aP14 | ||
| 526 | _aP07 | ||
| 942 |
_2ddc _cBOOK |
||
| 949 |
_a418.007 M26 _wDEWEY _c1 _i22730 _lCCODEBUL1 _mBUL _p00.00 _r0 _sY _tBOOK _u2015-06-24 _xBIBLIOTECA _zUNKNOWN _0COMPRA _o.STAFF. Colección General |
||
| 596 | _a1 | ||
| 999 |
_a418.007 M26 _wDEWEY _c36165 _i22730 _f2021-11-5 _g5 _lCCODEBUL1 _mBUL _r0 _sN _tBOOK _u2015-6-24 _xBIBLIOTECA _zUNKNOWN _0COMPRA _o.STAFF. Colección General _d36165 |
||
| 980 |
_81 _gALBERTO SANCHEZ Responsable de Automatización |
||